| 000 | 00467aam a2200181 4500 | ||
|---|---|---|---|
| 005 | 20231031154109.0 | ||
| 008 | 150225b xxu||||| |||| 00| 0 eng d | ||
| 041 | _aESP | ||
| 082 | _aES 863.54 B467c | ||
| 100 |
_aBenítez, J. J. _928850 |
||
| 245 | _aCesárea: Caballo de Troya 5 | ||
| 260 |
_aEspaña _bPlaneta _c2006 |
||
| 300 | _a529 páginas | ||
| 440 | _aCaballo de troya | ||
| 650 | _aNOVELA ESPAÑOLA | ||
| 650 | _aLITERATURA ESPAÑOLA | ||
| 942 |
_cLIT _2ddc |
||
| 999 |
_c3372 _d3372 |
||